Basic statistics :a primer for the biomedical sciences -(E-BOOK) (Record no. 192963)

000 -LEADER
fixed length control field 01383 a2200277 4500
003 - CONTROL NUMBER IDENTIFIER
control field Nust
005 - DATE AND TIME OF LATEST TRANSACTION
control field 20170207154048.0
010 ## - LIBRARY OF CONGRESS CONTROL NUMBER
LC control number 2009018425
020 ## - INTERNATIONAL STANDARD BOOK NUMBER
International Standard Book Number 0470248793 (cloth)
020 ## - INTERNATIONAL STANDARD BOOK NUMBER
International Standard Book Number 9780470248799 (cloth)
035 ## - SYSTEM CONTROL NUMBER
System control number (OCoLC)ocn321009054
040 ## - CATALOGING SOURCE
Transcribing agency Nust
082 00 - DEWEY DECIMAL CLASSIFICATION NUMBER
Classification number 519.5
100 1# - MAIN ENTRY--PERSONAL NAME
Personal name Dunn, Olive Jean.
245 10 - TITLE STATEMENT
Title Basic statistics :a primer for the biomedical sciences -(E-BOOK)
Statement of responsibility, etc. Olive Jean Dunn, Virginia A. Clark.
250 ## - EDITION STATEMENT
Edition statement 4th ed.
260 ## - PUBLICATION, DISTRIBUTION, ETC.
Place of publication, distribution, etc. Hoboken, N.J. :
Name of publisher, distributor, etc. John Wiley & Sons,
Date of publication, distribution, etc. c2009.
300 ## - PHYSICAL DESCRIPTION
Extent xiv, 255 p. :
Other physical details ill. ;
Dimensions 25 cm.
505 0# - FORMATTED CONTENTS NOTE
Formatted contents note Initial Steps (Page-1), Populations and Samples (Page-13), Collecting and Entering Data (Page-27), Frequency Tables and Their Graphs (Page-35), Measures of Location and Variability (Page-49), The Normal Distribution (Page-63), Estimation of Population Means: Confidence Intervals (Page-79), Tests of Hypotheses on Population Means (Page-95), Variances: Estimation and Tests (Page-117), Categorical Data: Proportions (Page-125), Categorical Data: Analysis of Two-Way Frequency Tables (Page-141), Regression and Correlation (Page-165), Nonparametric Statistics (Page-189), Introduction to Survival Analysis (Page-201).
650 #0 - SUBJECT ADDED ENTRY--TOPICAL TERM
Topical term or geographic name entry element Biometry.
650 #0 - SUBJECT ADDED ENTRY--TOPICAL TERM
Topical term or geographic name entry element Biometry.
650 #0 - SUBJECT ADDED ENTRY--TOPICAL TERM
Topical term or geographic name entry element Medical statistics.
650 #0 - SUBJECT ADDED ENTRY--TOPICAL TERM
Topical term or geographic name entry element Statistics as Topic.
651 ## - SUBJECT ADDED ENTRY--GEOGRAPHIC NAME
Geographic name E-BOOK
700 1# - ADDED ENTRY--PERSONAL NAME
Personal name Clark, Virginia,
Dates associated with a name 1928-
942 ## - ADDED ENTRY ELEMENTS (KOHA)
Source of classification or shelving scheme
Koha item type Book
Holdings
Withdrawn status Lost status Source of classification or shelving scheme Damaged status Not for loan Collection code Permanent Location Current Location Date acquired Total Checkouts Full call number Barcode Date last seen Price effective from Koha item type
            Military College of Signals (MCS) Military College of Signals (MCS) 12/12/2016   519.5 DUN MCSEB-2343 12/08/2016 12/12/2016 Book
© 2023 Central Library, National University of Sciences and Technology. All Rights Reserved.